00466nam a2200181Ia 4500003000400000005001700004008004100021020001800062040000700080041000800087082002300095100003800118245004200156250000600198260003800204300002800242365001400270OSt20230505153609.0210423s2008 xx 000 0 und d a9781429208925 cAL aeng a574.192 223bNELD aNELSON (David L);COX (Michael M). aLehninger principles of biochemistry. a5 aNew YorkbW H Freeman & Co.c2008 axxix,1152,Ap-1,I-38bPB b4182cINR